000 00391 a2200169 4500
001 195293
020 _a978-85-7683-494-6
040 _cMagnum
100 _aKinney, Jeff
240 1 0 _aDiário de um banana 6
_lpor
245 1 0 _aDiário de um banana 6
300 _a217
362 0 _a2013
440 1 _aVergara & Riba
697 _aLITERATURA INFANTO-JUVENIL ESTRANGEIRA
942 _cBK
999 _c195293
_d195293